| 000 | 00464nam a2200169Ia 4500 | ||
|---|---|---|---|
| 008 | 230917s9999||||xx |||||||||||||| ||und|| | ||
| 020 | _cRS799 | ||
| 040 |
_e239583 _aMAIN |
||
| 041 | _aEnglish | ||
| 082 | _a658.8 H977B | ||
| 100 | _aHutt, Michael D | ||
| 245 | 0 | _aB2B marketing: A south-Asian perspective | |
| 260 |
_aNew Delhi _bCengage Learning India _c2014 |
||
| 300 | _a522 p. | ||
| 500 | _a2719 22/05/2017 HBD17/6962 29/05/2017 Main Budget | ||
| 942 | _cBK | ||
| 999 |
_c22599 _d22599 |
||